[Event "FIN-ch rapid"]
[Site "Helsinki"]
[Date "2019.08.24"]
[Round "9"]
[White "Shevnin, Dmitri"]
[Black "Stahle, Sten"]
[Result "1-0"]
[WhiteElo "1388"]
[BlackElo "1563"]
[PlyCount "63"]
[EventDate "2019.08.24"]
[EventType "swiss (rapid)"]
[EventRounds "9"]
[EventCountry "FIN"]
[SourceTitle "EXT 2020"]
[Source "ChessBase"]
[SourceDate "2019.10.17"]
[SourceVersion "1"]
[SourceVersionDate "2019.10.17"]
[SourceQuality "1"]

1. e4 d5 2. exd5 Nf6 3. c4 e6 4. dxe6 Bxe6 5. Nf3 Nc6 6. d4 Bb4+ 7. Bd2 Bxd2+ 8. Qxd2 Qe7 9. Qe3 0-0-0 10. Be2 Ng4 11. Qd2 Bxc4 12. Nc3 Rhe8 13. 0-0 Bxe2 14. Rfe1 Qb4 15. Rxe2 Rxe2 16. Qxe2 Nxd4 17. Nxd4 Qxd4 18. Rd1 Qf4 19. Rxd8+ Kxd8 20. g3 Qc1+ 21. Kg2 Nf6 22. Qd3+ Kc8 23. Qc4 a6 24. Qb4 Kb8 25. Qf8+ Ka7 26. Qxg7 Ne8 27. Qd4+ b6 28. Qd8 Qxb2 29. Nd5 Qc2 30. Qxe8 Kb7 31. Qxf7 Qc6 32. Qf5 1-0

[Event "Helsinki HSL Easter op"]
[Site "Helsinki"]
[Date "2019.04.19"]
[Round "1"]
[White "Shevnin, Dmitri"]
[Black "Bederdin, Lauri"]
[Result "0-1"]
[WhiteElo "1445"]
[BlackElo "2073"]
[PlyCount "100"]
[EventDate "2019.04.19"]
[EventType "swiss"]
[EventRounds "6"]
[EventCountry "FIN"]
[SourceTitle "CBM 195 Extra"]
[Source "ChessBase"]
[SourceDate "2020.05.31"]
[SourceVersion "1"]
[SourceVersionDate "2020.05.31"]
[SourceQuality "1"]

1. e4 e5 2. Nf3 Nc6 3. Bc4 Nf6 4. Ng5 d5 5. exd5 Na5 6. Bb5+ c6 7. dxc6 bxc6 8. Be2 h6 9. Nf3 Bd6 10. d3 0-0 11. Be3 Ng4 12. Bd2 Qb6 13. 0-0 Qxb2 14. Nc3 Qa3 15. Ne4 Be7 16. h3 f5 17. hxg4 fxe4 18. Nxe5 Bf6 19. d4 c5 20. Bxa5 Qxa5 21. Bc4+ Kh7 22. Bd5 Bxe5 23. dxe5 Rb8 24. Bxe4+ Kh8 25. g5 Qa4 26. Re1 Rb4 27. Bd3 Rbf4 28. gxh6 Qd4 29. hxg7+ Kxg7 30. Re3 Rxf2 31. Rg3+ Kf7 32. Qh5+ Ke7 33. Kh2 Qxa1 34. Qg5+ Ke8 35. Bg6+ R2f7 36. Bxf7+ Rxf7 37. Qh5 Qxa2 38. Rg8+ Kd7 39. Qh3+ Qe6 40. Qd3+ Kc7 41. Qd8+ Kb7 42. Rg3 Qh6+ 43. Kg1 Qc1+ 44. Kh2 Rh7+ 45. Rh3 Qf4+ 46. Kh1 Bxh3 47. gxh3 Rxh3+ 48. Kg1 Rg3+ 49. Kh1 Qh6+ 50. Qh4 Qxh4# 0-1